000 00777nam a2200241 u 4500
005 20241016063800.0
008 190603s2007 es r 000 0 spa d
020 _a9788467516814
035 _aUPN01000230911
049 _aI
050 4 _aBF723 F4
_bM6.2
100 1 _aMoroney, Tracey
_932754
245 1 0 _aCuando tengo miedo /
_cescrito e il. por Trace Moroney ; tr. Teresa Tellechea.
260 _aMadrid :
_bSM,
_c2007.
300 _a[16] p. :
_bprincipalmente il. col.
534 _pTítulo original:
_tWhen l'm feeling scared
650 4 _aMIEDOS INFANTILES
_96668
650 4 _aEmociones en niños
_vLiteratura infantil
_921332
650 0 _aAutoestima en niños
_9356
650 4 _aLibros y lectura para niños
_92290
905 _aInfantil
999 _c203006
_d203006